Дело о приобретении от действительного статского советника Вальтера ста экземпляров составленного им стихотворения по случаю 25-...

Доступно только в Электронных читальных залах Найти на картеНа карте
RUSMARC
00003770nmc2a22002413x 450
001dafcb3d1-0696-4d98-95ad-1fbde77038b9
00520211022104616.0
100##$a20210721l18801880k l0rusy0189 ca
1010#$arus
102##$aRU
105##$ay###
1222#$ad
2001#$aДело о приобретении от действительного статского советника Вальтера ста экземпляров составленного им стихотворения по случаю 25-летия царствования государя императора Александра II
$j3 марта - 26 сентября 1880 г.
215##$a21 л.
$d36,5х26 см
251##$cДело
300##$aДело
371##$aДокумент не является опубликованным и широко распространяемым
461#0$1001a74412a3-3cc5-4d21-8f0a-dfe2fbd9e72d
$12001
$aДепартамент народного просвещения Министерства народного просвещения (1803-1917)
$1251
$cФонд
$1852
$j733
462#0$1001b33464f2-4bc4-41e3-b4bc-525e855f0eb0
$12001
$aДела разряда общих дел Министерства народного просвещения
$1251
$cОпись
$1852
$j194
801#0$aRU
$bРГИА
$c20210721
$gRCR
801#1$aRU
$bГлавНИВЦ
$c20210721
$2rusmarc
801#2$aRU
$bПБ им. Б.Н. Ельцина
$c20211022
$gRCR
$2rusmarc
850##$aРГИА
852##$aРГИА
$eФедеральное казенное учреждение "Российский государственный исторический архив" (РГИА)
$j29
937##$hРГИА
$d12367296
$aASBIBLIO_SCAN
035##$aRusGRCC00030595
856##$uhttp://readingroom.main.prlib.ru/item.aspx?id_node=n169799960&mode=full
Формат отображения